000
00303nam a2200121Ia 4500
008
240624s9999 xx 000 0 und d
041
_a
eng
082
_a
658.452 DON
100
_a
DONOVAN JEREMEY
245
_a
HOW TO DELIVER A TED TALK
260
_c
2014
_a
New Delhi
_b
Tata McGraw-Hill
365
_c
RS
_b
33
999
_c
26315
_d
26315